Generovanie syntetických radarových snímok

Guardado en:
Detalles Bibliográficos
Autor principal: Jurkovič, Miroslav (Autor)
Otros Autores: Malkin Ondik, Irina (Orientador)
Formato: Manuscrito Libro
Lenguaje:eslovaco
Publicado: 2025
Materias:
Acceso en línea:http://is.stuba.sk/zp/portal_zp.pl?podrobnosti=184074
Etiquetas: Agregar Etiqueta
Sin Etiquetas, Sea el primero en etiquetar este registro!

MARC

LEADER 00000ntm a22000003a 4500
001 stuzp105773
003 SK-STU
005 20250607211540.2
007 ta
008 150427s2015----xo-----f-mn---000-0-slo-d
040 |a STU  |b slo 
041 0 |a slo 
100 1 |a Jurkovič, Miroslav  |u 070200  |4 aut  |U FIIT Fakulta informatiky a informačných technológií  |T FIIT Ústav informatiky, informačných systémov a softvérového inžinierstva  |X 102971  |U I200  |Y 179  |7 102971 
242 0 1 |a Generation of synthetic radar images  |y eng 
245 1 0 |a Generovanie syntetických radarových snímok 
260 |c 2025 
650 4 |a radar images  |2 eng 
650 4 |a deep learning  |2 eng 
650 4 |a Generative adversial network  |2 eng 
650 4 |a radarove snímky  |2 slo 
650 4 |a hlboké učenie  |2 slo 
650 4 |a Generaíivne adversialne siete  |2 slo 
700 1 |a Malkin Ondik, Irina  |4 ths  |X 77701  |7 77701 
856 4 |u http://is.stuba.sk/zp/portal_zp.pl?podrobnosti=184074